| 000 | 00913nam a2200229Ia 4500 | ||
|---|---|---|---|
| 999 |
_c39923 _d39923 |
||
| 001 | 6528 | ||
| 003 | GE_BSU | ||
| 005 | 20191021143411.0 | ||
| 008 | 181216s1992||||ge |||||||||||||| ||g || | ||
| 040 | _cGE_BSU | ||
| 041 | _ageo | ||
| 080 | _a821.353.1-31 ბ-88 | ||
| 100 |
_aბოცვაძე, ნანული _94898 |
||
| 245 |
_aტარინგი : _bრომანი / _cნანული ბოცვაძე ; რედ. გულიკო ხეთაგური ; მხატვ. რ. მახარაძე. |
||
| 264 |
_aთბილისი : _bმერანი ; _c1992. |
||
| 300 |
_a576 გვ. ; _c20 სმ. |
||
| 653 | _aტარინგი | ||
| 653 | _aრომანი | ||
| 700 |
_aხეთაგური, გულიკო _eრედაქტორი _94899 |
||
| 700 |
_aმახარაძე, რ. _eმხატვარი _94900 |
||
| 942 |
_cBK _2udc |
||